000 00276nam a2200121Ia 4500
005 20251222143155.0
008 251222s9999||||xx |||||||||||||| ||spa||
020 _a84-663-0407-X
082 _a828.6/S47
100 _a"Shelley W, Mary"
245 0 _aFrankenstein
942 _cLIB
999 _c12825
_d12825